00881nam a22002417a 450000500170000001000130001702000100003003500130004003700160005304000120006908200210008110000370010224501090013924600550024826000550030327000880035830000610044650000060050765000430051365000470055665000200060365000160062320170124103029.0 aB-032350 c40.00 aB-032350 bCen Lib/Ret aDPLbHN aक bजगत  aजगतराम आर्य  aदेशभक्त शहीदों की गाथाएं /c जगतराम आर्य  aDeshbhakt shahidon ki gathayen bby Jagatram Arya  a दिल्ली bकिताबघर c2000 aix,221- मेन रोड गाँधी नगर bदिल्ली e110031 a110पृष्ठ. c20सेमी(सजिल्द) a  aहिंदी साहित्य  aदेश भक्ति कहानी  apatriotic story ahindi novel